000 00622nam a22001817a 4500
005 20230227034539.0
008 230227b |||||||| |||| 00| 0 eng d
020 _a978-0-7495-7945-9
082 _a658.7 B433 2017
100 _aBell, John M.
_eauthor
245 _aSupply chain ethics:
_busing CSR and sustainability to create competitive advantage /
_cJohn Manners-Bell
260 _aUnited Kingdom:
_bKogan Page,
_cc2017
300 _aix, 286p.:
_bill.
504 _aIncludes bibliographical references and index
541 _e5798
650 _aBusiness logistics - Moral and ethical aspects
650 _aBusiness ethics
999 _c1433
_d1433